Farsang

Bibliographic Details
Main Author: Kerék, Imre, 1942- (Author)
Format: Article
Language:Hungarian
Slovak
ISSN:1335-6593
Subjects:

MARC

LEADER 00000nab a2200000 a 4500
001 vtls000867276
003 SK-MaSNL
005 20260302161509.0
008 160314c2004 xo 0 hun
015 |a SNBRB2004/03-10190 
035 |a CLN000218828 
040 |a SNKBUCL  |b slo  |c SNKBUCL  |e AACR2 
041 0 |a slo 
044 |a xo  |c SK 
080 |a 821.511.141-93=511.141  |2 UDC-MRF-SK2 
080 |a 821.511.141-1(0.053.2)=511.141  |2 UDC-MRF-SK2 
100 1 |a Kerék, Imre,  |d 1942-  |4 aut  |9 111427 
245 1 0 |a Farsang  |c Kerék Imre 
650 0 7 |a poézia pre deti  |2 SNKPH  |9 31212 
650 0 7 |a maďarská poézia  |2 SNKPH  |9 1294 
773 0 |x 1335-6593  |t Tábortűz  |g Roč. 14, č. 6 (2004), s. 26 
850 |a Slovenská národná knižnica v Martine 
852 |a SNK  |b KIS3GCP 
958 |a LX 
958 |a HU 
958 |a DB 
958 |a RBX 
999 |c 1377531  |d 1379461